<?xml version="1.0" encoding="UTF-8"?>
<record
    xmlns:xsi="http://www.w3.org/2001/XMLSchema-instance"
    xsi:schemaLocation="http://www.loc.gov/MARC21/slim http://www.loc.gov/standards/marcxml/schema/MARC21slim.xsd"
    xmlns="http://www.loc.gov/MARC21/slim">

  <leader>00742nam a22001577a 4500</leader>
  <controlfield tag="003">OSt</controlfield>
  <controlfield tag="005">20150919165302.0</controlfield>
  <controlfield tag="008">150919b        xxu||||| |||| 00| 0 eng d</controlfield>
  <datafield tag="040" ind1=" " ind2=" ">
    <subfield code="c">RUA</subfield>
  </datafield>
  <datafield tag="082" ind1=" " ind2=" ">
    <subfield code="a">AGR CHH 2008 B036 Or.1</subfield>
  </datafield>
  <datafield tag="100" ind1=" " ind2=" ">
    <subfield code="9">892</subfield>
    <subfield code="a">CHHORN, ENGKEA.</subfield>
  </datafield>
  <datafield tag="245" ind1=" " ind2=" ">
    <subfield code="a">Effect of organic and chemical fertilizer on celery cabbage at crop station of royal university of agriculture &#x17A5;&#x1791;&#x17D2;&#x1792;&#x17B7;&#x1796;&#x179B;&#x1787;&#x17B8;&#x179F;&#x179A;&#x17B8;&#x179A;&#x17B6;&#x1784;&#x17D2;&#x1782; &#x1793;&#x17B7;&#x1784;&#x1787;&#x17B8;&#x1782;&#x17B8;&#x1798;&#x17B8;&#x179B;&#x17BE;&#x178A;&#x17C6;&#x178E;&#x17B6;&#x17C6;&#x179F;&#x17D2;&#x1796;&#x17C3;&#x1785;&#x1784;&#x17D2;&#x1780;&#x17B9;&#x17C7;&#x1793;&#x17C5;&#x179F;&#x17D2;&#x1790;&#x17B6;&#x1793;&#x17B8;&#x1799;&#x17CD;&#x1796;&#x17B7;&#x179F;&#x17C4;&#x1792;&#x1793;&#x17CD;&#x1793;&#x17C3;&#x179F;&#x17B6;&#x1780;&#x179B;&#x179C;&#x17B7;&#x1791;&#x17D2;&#x1799;&#x17B6;&#x179B;&#x17D0;&#x1799;&#x1797;&#x17BC;&#x1798;&#x17B7;&#x1793;&#x17D2;&#x1791;&#x1780;&#x179F;&#x17B7;&#x1780;&#x1798;&#x17D2;&#x1798;</subfield>
  </datafield>
  <datafield tag="260" ind1=" " ind2=" ">
    <subfield code="a">Phnom Penh</subfield>
    <subfield code="b">RUA</subfield>
    <subfield code="c">2008</subfield>
  </datafield>
  <datafield tag="300" ind1=" " ind2=" ">
    <subfield code="a">ix; 43p.</subfield>
    <subfield code="b">ill.</subfield>
    <subfield code="c">29cm.</subfield>
  </datafield>
  <datafield tag="942" ind1=" " ind2=" ">
    <subfield code="2">ddc</subfield>
    <subfield code="c">AGR</subfield>
  </datafield>
  <datafield tag="999" ind1=" " ind2=" ">
    <subfield code="c">860</subfield>
    <subfield code="d">860</subfield>
  </datafield>
  <datafield tag="952" ind1=" " ind2=" ">
    <subfield code="0">0</subfield>
    <subfield code="1">0</subfield>
    <subfield code="2">ddc</subfield>
    <subfield code="4">0</subfield>
    <subfield code="6">AGR_CHH_2008_000000000000000_B036_OR_1</subfield>
    <subfield code="7">0</subfield>
    <subfield code="9">3382</subfield>
    <subfield code="a">LBB</subfield>
    <subfield code="b">LBB</subfield>
    <subfield code="c">B036</subfield>
    <subfield code="d">2015-09-19</subfield>
    <subfield code="o">AGR CHH 2008 B036 Or.1</subfield>
    <subfield code="p">RUA002204</subfield>
    <subfield code="r">2015-09-19</subfield>
    <subfield code="w">2015-09-19</subfield>
    <subfield code="y">AGR</subfield>
  </datafield>
  <datafield tag="952" ind1=" " ind2=" ">
    <subfield code="0">0</subfield>
    <subfield code="1">0</subfield>
    <subfield code="2">ddc</subfield>
    <subfield code="4">0</subfield>
    <subfield code="6">AGR_CHH_2008_000000000000000_B036_OR_2</subfield>
    <subfield code="7">0</subfield>
    <subfield code="9">3383</subfield>
    <subfield code="a">LBB</subfield>
    <subfield code="b">LBB</subfield>
    <subfield code="c">B036</subfield>
    <subfield code="d">2015-09-19</subfield>
    <subfield code="l">3</subfield>
    <subfield code="o">AGR CHH 2008 B036 Or.2</subfield>
    <subfield code="p">RUA002658</subfield>
    <subfield code="r">2019-10-19</subfield>
    <subfield code="s">2019-10-11</subfield>
    <subfield code="w">2015-09-19</subfield>
    <subfield code="y">AGR</subfield>
  </datafield>
  <datafield tag="952" ind1=" " ind2=" ">
    <subfield code="0">0</subfield>
    <subfield code="1">0</subfield>
    <subfield code="2">ddc</subfield>
    <subfield code="4">0</subfield>
    <subfield code="6">AGR_CHH_2008_000000000000000_B036_OR_3</subfield>
    <subfield code="7">0</subfield>
    <subfield code="9">3384</subfield>
    <subfield code="a">LBB</subfield>
    <subfield code="b">LBB</subfield>
    <subfield code="c">B036</subfield>
    <subfield code="d">2015-09-19</subfield>
    <subfield code="l">3</subfield>
    <subfield code="o">AGR CHH 2008 B036 Or.3</subfield>
    <subfield code="p">RUA003000</subfield>
    <subfield code="r">2024-06-27</subfield>
    <subfield code="s">2024-06-11</subfield>
    <subfield code="w">2015-09-19</subfield>
    <subfield code="y">AGR</subfield>
  </datafield>
  <datafield tag="952" ind1=" " ind2=" ">
    <subfield code="0">0</subfield>
    <subfield code="1">0</subfield>
    <subfield code="2">ddc</subfield>
    <subfield code="4">0</subfield>
    <subfield code="6">AGR_CHH_2008_000000000000000_B036_OR_4</subfield>
    <subfield code="7">0</subfield>
    <subfield code="9">3385</subfield>
    <subfield code="a">LBB</subfield>
    <subfield code="b">LBB</subfield>
    <subfield code="c">B036</subfield>
    <subfield code="d">2015-09-19</subfield>
    <subfield code="l">3</subfield>
    <subfield code="m">2</subfield>
    <subfield code="o">AGR CHH 2008 B036 Or.4</subfield>
    <subfield code="p">RUA002585</subfield>
    <subfield code="r">2022-06-24</subfield>
    <subfield code="s">2022-06-14</subfield>
    <subfield code="w">2015-09-19</subfield>
    <subfield code="y">AGR</subfield>
  </datafield>
  <datafield tag="952" ind1=" " ind2=" ">
    <subfield code="0">0</subfield>
    <subfield code="1">0</subfield>
    <subfield code="2">ddc</subfield>
    <subfield code="4">0</subfield>
    <subfield code="6">AGR_CHH_2008_000000000000000_B036_OR_5</subfield>
    <subfield code="7">0</subfield>
    <subfield code="9">3386</subfield>
    <subfield code="a">LBB</subfield>
    <subfield code="b">LBB</subfield>
    <subfield code="c">B036</subfield>
    <subfield code="d">2015-09-19</subfield>
    <subfield code="l">5</subfield>
    <subfield code="m">1</subfield>
    <subfield code="o">AGR CHH 2008 B036 Or.5</subfield>
    <subfield code="p">RUA052151</subfield>
    <subfield code="r">2017-08-07</subfield>
    <subfield code="s">2016-10-24</subfield>
    <subfield code="w">2015-09-19</subfield>
    <subfield code="y">AGR</subfield>
  </datafield>
  <datafield tag="952" ind1=" " ind2=" ">
    <subfield code="0">0</subfield>
    <subfield code="1">0</subfield>
    <subfield code="2">ddc</subfield>
    <subfield code="4">0</subfield>
    <subfield code="6">AGR_CHH_2008_000000000000000_B036_OR_6</subfield>
    <subfield code="7">0</subfield>
    <subfield code="9">5877</subfield>
    <subfield code="a">LBB</subfield>
    <subfield code="b">LBB</subfield>
    <subfield code="c">B036</subfield>
    <subfield code="d">2015-09-27</subfield>
    <subfield code="l">1</subfield>
    <subfield code="o">AGR CHH 2008 B036 Or.6</subfield>
    <subfield code="p">RUA018991</subfield>
    <subfield code="r">2017-10-30</subfield>
    <subfield code="s">2017-10-25</subfield>
    <subfield code="w">2015-09-27</subfield>
    <subfield code="y">AGR</subfield>
  </datafield>
  <datafield tag="952" ind1=" " ind2=" ">
    <subfield code="0">0</subfield>
    <subfield code="1">0</subfield>
    <subfield code="2">ddc</subfield>
    <subfield code="4">0</subfield>
    <subfield code="6">AGR_CHH_2008_000000000000000_B036_OR_7</subfield>
    <subfield code="7">0</subfield>
    <subfield code="9">40848</subfield>
    <subfield code="a">LBB</subfield>
    <subfield code="b">LBB</subfield>
    <subfield code="d">2016-02-24</subfield>
    <subfield code="l">2</subfield>
    <subfield code="o">AGR CHH 2008 B036 Or.7</subfield>
    <subfield code="p">RUA44373</subfield>
    <subfield code="r">2019-10-14</subfield>
    <subfield code="s">2019-10-09</subfield>
    <subfield code="w">2016-02-24</subfield>
    <subfield code="y">AGR</subfield>
  </datafield>
</record>
